Del nostre excursionisme / F. Pujol i Algueró ; pròleg de Prudenci Bertrana
Descripción Física:
59 p. ; 17 cm
Otros Autores:
Bertrana, Prudenci, 1867-1941
Materias:
Excursionisme
MARC
| LEADER | 00000nam a2200000Ia 4500 | ||
|---|---|---|---|
| 001 | 23238 | ||
| 008 | 160829s1931 xx 000 0 cat d | ||
| 080 | |a P-1-96 | ||
| 100 | |a Pujol i Algueró, Francesc |9 48057 |e autor | ||
| 245 | |a Del nostre excursionisme / F. Pujol i Algueró ; pròleg de Prudenci Bertrana | ||
| 260 | |a Barcelona : |b Llibreria Espanyola, |c 1931 | ||
| 300 | |a 59 p. ; |c 17 cm | ||
| 590 | |a Prové de Q-331, exp. 98 | ||
| 650 | |a Excursionisme |9 49694 | ||
| 700 | 1 | |a Bertrana, Prudenci, |d 1867-1941 |e autor del pròleg |9 20220 | |
| 901 | |a Arxiu | ||
| 942 | |n 1 |2 udc | ||
| 952 | |0 0 |1 0 |4 0 |6 P196 |7 1 |9 55063 |a Arxiu |b Arxiu |d 2016-12-01 |l 0 |o P-1-96 |p 23238 |r 2016-12-01 00:00:00 |w 2016-12-01 |y ARXIU | ||
| 999 | |c 58933 |d 58933 | ||